| 000 | 00818cab a22002175a 4500 | ||
|---|---|---|---|
| 001 | L159852 | ||
| 008 | 150113e2017 xxk 000 0 eng d | ||
| 035 | _a(Sirsi) u159852 | ||
| 041 | 0 | _aeng | |
| 100 | 1 | _aKing, Andy | |
| 245 | 0 | 4 |
_aThe module has landed _h[electronic resource] |
| 260 |
_aLondon _bRICS _c2017 |
||
| 490 |
_aRICS Building Surveying Journal _vJuly - August 2017, 18(1) |
||
| 520 | _aExplains how to make best use of modular methods with off-site construction, which offers considerable potential for expediting projects. | ||
| 650 | 2 | 4 | _aOFF-SITE CONSTRUCTION |
| 650 | 2 | 4 | _aCONSTRUCTION METHODS |
| 651 | 4 |
_aUnited Kingdom _y |
|
| 690 |
_aSustainability _96271 |
||
| 856 | 4 | 0 |
_uhttps://issuu.com/ricsmodus/docs/building_surveying_journal_july___a _yAvailable free online via Issuu |
| 942 |
_n0 _2ddc |
||
| 999 |
_c85015 _d85015 |
||